Statistiken für Quiz der Wissenschaft #1

Klicken Sie hier um das Quiz zu spielen!

Allgemein

  • Dieses Quiz wurde 122 mal gespielt
  • Das Durchschnittsergebnis liegt bei 8 aus 15

Antwortstatistiken

Frage Antwort % Korrekt
Wie nennt man ein elektrisch geladenes Atom oder Molekül?Ion
89%
Welche Krankheit entsteht durch einen Mangel an Vitamin C?Skorbut
72%
Was misst ein Chronometer?Zeit
71%
Wie bezeichnet man die zweite Schicht der Erdatmosphäre, die in ca. 10km Höhe beginnt?Stratosphäre
68%
Wie heißt das Element mit der Ordnungszahl 3?Lithium
65%
Welche physikalische Konstante verbirgt sich hinter dem Formelzeichen c?Lichtgeschwindigkeit
59%
Wie nennt man Atome, die gleich viele Protonen, aber unterschiedlich viele Neutronen enthalten?Isotope
57%
Welche Schale befindet sich zwischen Erdkruste und Erdkern?Erdmantel
52%
Welche physikalische Größe kann nach dem zweiten Hauptsatz der Thermodynamik in einem abgeschlossenen System nicht abnehmen, sondern nur zunehmen?Entropie
43%
Wer beschrieb diesen Mond als Erstes? ↑Galileo Galilei
40%
Wie heißt der größte Jupitermond?Ganymed
35%
Welche Maßeinheit beträgt 1/16 eines Pfundes?Unze
34%
Welcher wichtige Pflanzeninhaltsstoff trägt Magnesium als Zentralion?Chlorophyll
34%
Zu welcher Ordnung gehört die Gattung Homo (Mensch)?Primaten
29%
Welches Element hat den höchsten Schmelzpunkt?Wolfram
27%

Verteilung der Resultate

Perzentil nach korrekt beantworteten Fragen

Anzahl Personen mit jedem Resultat

Ihre Resultats-Entwicklung

Sie haben dieses Quiz noch nicht gespielt